[Event "Dhaka Metropolis op U2100"]
[Site "Dhaka"]
[Date "2022.10.20"]
[Round "4"]
[White "Sadnan Hasan, Dihan"]
[Black "Bhuiyan, Golam Mostafa"]
[Result "1/2-1/2"]
[WhiteElo "2073"]
[BlackElo "1949"]
[PlyCount "32"]
[EventDate "2022.10.17"]
[EventType "swiss"]
[EventRounds "9"]
[EventCountry "BAN"]
[SourceTitle "EXT 2024"]
[Source "ChessBase"]
[SourceDate "2023.10.10"]
[SourceVersion "1"]
[SourceVersionDate "2023.10.10"]
[SourceQuality "1"]

1. e4 c5 2. Nf3 e6 3. d3 Nc6 4. g3 Nf6 5. Bg2 Be7 6. 0-0 e5 7. c3 d6 8. Re1 0-0 9. h3 Be6 10. Kh2 b5 11. d4 Bd7 12. d5 Na5 13. b3 Nb7 14. Nbd2 Qc8 15. Qe2 Ne8 16. Nf1 g6 1/2-1/2

[Event "Dhaka Marcel op"]
[Site "Dhaka"]
[Date "2022.04.19"]
[Round "1"]
[White "Bhuiyan, Golam Mostafa"]
[Black "Chowdhury, Shamsul Kabir"]
[Result "1-0"]
[WhiteElo "2037"]
[BlackElo "1720"]
[PlyCount "67"]
[EventDate "2022.04.19"]
[EventType "swiss"]
[EventRounds "9"]
[EventCountry "BAN"]
[SourceTitle "EXT 2023"]
[Source "ChessBase"]
[SourceDate "2022.10.05"]
[SourceVersion "1"]
[SourceVersionDate "2022.10.05"]
[SourceQuality "1"]

1. d4 d5 2. c4 c6 3. Nc3 Nf6 4. Nf3 e6 5. Bg5 Be7 6. e3 Ne4 7. Bxe7 Qxe7 8. Nxe4 dxe4 9. Nd2 f5 10. c5 0-0 11. g3 b6 12. b4 Nd7 13. Nc4 Ba6 14. Nd6 Bxf1 15. Kxf1 b5 16. a4 a6 17. Kg2 Nf6 18. axb5 axb5 19. Qb3 Nd5 20. Ra5 Rxa5 21. bxa5 Ra8 22. Ra1 Qd8 23. a6 Ra7 24. h4 g5 25. hxg5 Kg7 26. Qd1 Kg6 27. Qh1 Qxg5 28. Nc8 Ra8 29. a7 Qd8 30. Nd6 Qd7 31. Qh3 h5 32. Rh1 Nf6 33. g4 fxg4 34. Qg3 1-0

[Event "BAN-chT"]
[Site "Dhaka"]
[Date "2022.03.19"]
[Round "10.6"]
[White "Bhuiyan, Golam Mostafa"]
[Black "Rahman, Ziaur"]
[Result "0-1"]
[WhiteElo "2038"]
[BlackElo "2420"]
[PlyCount "98"]
[EventDate "2022.03.10"]
[EventType "team-tourn"]
[EventRounds "11"]
[EventCountry "BAN"]
[SourceTitle "CBM 207 Extra"]
[Source "ChessBase"]
[SourceDate "2022.05.31"]
[SourceVersion "1"]
[SourceVersionDate "2022.05.31"]
[SourceQuality "1"]
[WhiteTeam "Sheikh Russel"]
[BlackTeam "Bangladesh Police"]
[WhiteTeamCountry "BAN"]
[BlackTeamCountry "BAN"]

1. d4 d6 2. c4 e5 3. d5 g6 4. Nc3 Nd7 5. g3 Bh6 6. Bg2 Bxc1 7. Rxc1 Ngf6 8. Nf3 0-0 9. h4 h6 10. Qd2 Kg7 11. b4 Nh7 12. c5 Ndf6 13. 0-0 Ne8 14. Nh2 f5 15. e3 Nhf6 16. f4 Qe7 17. Nf3 a5 18. a3 axb4 19. axb4 exf4 20. exf4 dxc5 21. Rfe1 Qd6 22. b5 Qd8 23. Ne5 Nd6 24. Qf2 Nh5 25. Bf3 b6 26. Re3 Bd7 27. Rce1 Be8 28. Bxh5 gxh5 29. Qf3 Qf6 30. Qe2 Rg8 31. Kh2 Kh8 32. Qb2 Qg7 33. Qe2 Ra3 34. Qb2 Ra5 35. Qe2 Bxb5 36. Nxb5 Rxb5 37. Qxh5 Rb4 38. Qf3 Ra8 39. R3e2 Rba4 40. Qh5 Rg8 41. Re3 Ra2+ 42. Kh1 Rf2 43. Nd3 Rd2 44. Ne5 Rxd5 45. Ng4 Qg6 46. Qxh6+ Qxh6 47. Nxh6 Rg6 48. Re6 Rxe6 49. Rxe6 c4 0-1

[Event "BAN-chT"]
[Site "Dhaka"]
[Date "2022.03.14"]
[Round "5.4"]
[White "Subrota, Biswas"]
[Black "Bhuiyan, Golam Mostafa"]
[Result "1-0"]
[WhiteElo "2241"]
[BlackElo "2038"]
[PlyCount "97"]
[EventDate "2022.03.10"]
[EventType "team-tourn"]
[EventRounds "11"]
[EventCountry "BAN"]
[SourceTitle "CBM 207 Extra"]
[Source "ChessBase"]
[SourceDate "2022.05.31"]
[SourceVersion "1"]
[SourceVersionDate "2022.05.31"]
[SourceQuality "1"]
[WhiteTeam "Bangladesh Navy"]
[BlackTeam "Sheikh Russel"]
[WhiteTeamCountry "BAN"]
[BlackTeamCountry "BAN"]

1. e4 c5 2. Nf3 d6 3. d4 cxd4 4. Nxd4 Nf6 5. Nc3 a6 6. Bg5 e6 7. f4 h6 8. Bh4 Be7 9. Qf3 Qc7 10. 0-0-0 Nc6 11. Nxc6 bxc6 12. g4 Rb8 13. Bg2 e5 14. f5 Qb6 15. b3 Qb4 16. Kb2 Bb7 17. Be1 d5 18. Qg3 d4 19. Na4 Qa3+ 20. Ka1 Nd7 21. Nb2 a5 22. Bf1 a4 23. Nc4 Qc5 24. b4 Qa7 25. Bd3 f6 26. Bd2 Ba6 27. Rb1 c5 28. b5 Bb7 29. h4 Nb6 30. Rhe1 Nxc4 31. Bxc4 Qa8 32. Qg2 Rd8 33. Be6 Rd6 34. g5 hxg5 35. hxg5 Kd8 36. gxf6 Bxf6 37. b6 Ke7 38. Bg5 Qf8 39. Rg1 Rh7 40. Rb5 Rxe6 41. fxe6 Kxe6 42. Bxf6 gxf6 43. Qe2 Kd6 44. Qc4 Kc6 45. Qxa4 Kd6 46. Qc4 Kc6 47. Rg6 d3 48. Rxc5+ Kxb6 49. Qb4+ 1-0

[Event "Dhaka Walton op"]
[Site "Dhaka"]
[Date "2021.06.18"]
[Round "4"]
[White "Bhuiyan, Golam Mostafa"]
[Black "Swarnavo, Choudhury"]
[Result "0-1"]
[WhiteElo "2058"]
[BlackElo "1966"]
[PlyCount "66"]
[EventDate "2021.06.15"]
[EventType "swiss"]
[EventRounds "9"]
[EventCountry "BAN"]
[SourceTitle "EXT 2022"]
[Source "ChessBase"]
[SourceDate "2021.10.06"]
[SourceVersion "1"]
[SourceVersionDate "2021.10.06"]
[SourceQuality "1"]

1. d4 Nf6 2. c4 g6 3. Nc3 d5 4. Nf3 Bg7 5. cxd5 Nxd5 6. e4 Nxc3 7. bxc3 c5 8. Bb5+ Bd7 9. Rb1 0-0 10. h3 a6 11. Be2 b5 12. 0-0 Qc8 13. a4 cxd4 14. cxd4 bxa4 15. Ba3 Re8 16. Qd2 Bb5 17. Bxb5 axb5 18. Rxb5 Qc6 19. Qd3 Qa6 20. Rfb1 Nc6 21. e5 Na5 22. Ng5 h6 23. Nxf7 Nb3 24. e6 Kh7 25. Rd1 Nxd4 26. Ne5 Qxb5 27. Qxg6+ Kg8 28. Qf7+ Kh7 29. Qg6+ Kg8 30. Qf7+ Kh8 31. Ng6+ Kh7 32. Rxd4 Qg5 33. Kh2 Qxg6 0-1

[Event "Dhaka Bangabandhu op-B"]
[Site "Dhaka"]
[Date "2021.03.15"]
[Round "7"]
[White "Bhuiyan, Golam Mostafa"]
[Black "Sacchu, Afzal Hossain"]
[Result "1-0"]
[WhiteElo "2055"]
[BlackElo "1993"]
[PlyCount "85"]
[EventDate "2021.03.09"]
[EventType "swiss"]
[EventRounds "9"]
[EventCountry "BAN"]
[SourceTitle "CBM 201 Extra"]
[Source "ChessBase"]
[SourceDate "2021.05.31"]
[SourceVersion "1"]
[SourceVersionDate "2021.05.31"]
[SourceQuality "1"]

1. d4 Nf6 2. c4 e6 3. Nc3 d5 4. Nf3 Be7 5. Bf4 0-0 6. e3 Nbd7 7. c5 Ne8 8. Bd3 b6 9. b4 a5 10. a3 Ndf6 11. Ne5 Bb7 12. 0-0 axb4 13. axb4 Rxa1 14. Qxa1 Nh5 15. Qa7 Nxf4 16. exf4 f6 17. Qxb7 fxe5 18. fxe5 Bg5 19. Qc6 Qe7 20. cxb6 cxb6 21. Qxb6 Bd2 22. Qc6 Qxb4 23. Qxe6+ Kh8 24. Nxd5 Qxd4 25. Qe7 Rg8 26. Qf7 Bg5 27. Qf5 g6 28. Qe4 Qc5 29. Qc4 Qa7 30. g3 Ng7 31. Qg4 Bd8 32. Nf6 Rf8 33. Nxh7 Kxh7 34. Qxg6+ Kg8 35. Bc4+ Rf7 36. e6 Re7 37. Re1 Bb6 38. Bd3 Kf8 39. Qf6+ Kg8 40. Re4 Qa3 41. Rf4 Rc7 42. e7 Qc1+ 43. Kg2 1-0

[Event "Dhaka Bangabandhu op-B"]
[Site "Dhaka"]
[Date "2021.03.09"]
[Round "1"]
[White "Md Nazrul Islam, Mondol"]
[Black "Bhuiyan, Golam Mostafa"]
[Result "0-1"]
[WhiteElo "1698"]
[BlackElo "2055"]
[PlyCount "54"]
[EventDate "2021.03.09"]
[EventType "swiss"]
[EventRounds "9"]
[EventCountry "BAN"]
[SourceTitle "CBM 201 Extra"]
[Source "ChessBase"]
[SourceDate "2021.05.31"]
[SourceVersion "1"]
[SourceVersionDate "2021.05.31"]
[SourceQuality "1"]

1. g3 Nf6 2. Bg2 d5 3. Nf3 c5 4. d4 Nc6 5. c3 Bf5 6. Ne5 e6 7. Bg5 Qb6 8. Qa4 cxd4 9. Nxc6 bxc6 10. cxd4 Bxb1 11. Rxb1 Bb4+ 12. Bd2 Bxd2+ 13. Kxd2 0-0 14. Bf3 e5 15. e3 Rfe8 16. Rhc1 Rac8 17. g4 exd4 18. Qxd4 c5 19. Qa4 d4 20. g5 dxe3+ 21. fxe3 c4 22. Rc3 Qd6+ 23. Ke1 Ne4 24. Rd1 Qxh2 25. Bxe4 Rxe4 26. Qd7 Rce8 27. Qxa7 Rg4 0-1

[Event "BAN-chT"]
[Site "Dhaka"]
[Date "2018.12.14"]
[Round "9.4"]
[White "Ahmed, Shafiq"]
[Black "Bhuiyan, Golam Mostafa"]
[Result "0-1"]
[WhiteElo "2165"]
[BlackElo "2079"]
[PlyCount "76"]
[EventDate "2018.12.06"]
[EventType "team-tourn"]
[EventRounds "11"]
[EventCountry "BAN"]
[SourceTitle "CBM 187 Extra"]
[Source "ChessBase"]
[SourceDate "2018.11.04"]
[SourceVersion "1"]
[SourceVersionDate "2018.11.04"]
[SourceQuality "1"]
[WhiteTeam "Titas CC"]
[BlackTeam "Sultana Kamal Smirity Pathagar"]
[WhiteTeamCountry "BAN"]
[BlackTeamCountry "BAN"]

1. e4 c5 2. Nf3 Nc6 3. d4 cxd4 4. Nxd4 Nf6 5. Nc3 d6 6. Be2 e5 7. Nf3 h6 8. 0-0 Be7 9. Be3 Be6 10. Qc1 0-0 11. Rd1 Qc7 12. Qd2 Rfd8 13. Nd5 Bxd5 14. exd5 Nb8 15. h3 Nbd7 16. c4 a5 17. Nh2 Ne4 18. Qc2 Ndc5 19. Nf1 Rf8 20. g4 Qd7 21. f3 Ng5 22. Bxc5 dxc5 23. Kg2 f5 24. Ng3 g6 25. h4 Nf7 26. h5 Nd6 27. hxg6 Bg5 28. Nh5 Rae8 29. Re1 e4 30. f4 Bf6 31. Kh3 Bd4 32. Rg1 Bxg1 33. Rxg1 e3 34. Ng3 Ne4 35. Nxf5 Rxf5 36. gxf5 Qxf5+ 37. Kg2 Qxf4 38. Bd3 Qg3+ 0-1

[Event "BAN-chT"]
[Site "Dhaka"]
[Date "2018.12.12"]
[Round "7.5"]
[White "Ahmed, Shafiq"]
[Black "Bhuiyan, Golam Mostafa"]
[Result "0-1"]
[WhiteElo "2165"]
[BlackElo "2079"]
[PlyCount "78"]
[EventDate "2018.12.06"]
[EventType "team-tourn"]
[EventRounds "11"]
[EventCountry "BAN"]
[SourceTitle "CBM 187 Extra"]
[Source "ChessBase"]
[SourceDate "2018.11.04"]
[SourceVersion "1"]
[SourceVersionDate "2018.11.04"]
[SourceQuality "1"]
[WhiteTeam "Bangladesh Navy"]
[BlackTeam "Sultana Kamal Smirity Pathagar"]
[WhiteTeamCountry "BAN"]
[BlackTeamCountry "BAN"]

1. e4 c5 2. Nf3 Nc6 3. Bb5 g6 4. Bxc6 dxc6 5. d3 Bg7 6. 0-0 Nf6 7. h3 0-0 8. Nc3 Nh5 9. Be3 Qd6 10. Qd2 e5 11. Ne2 f5 12. exf5 gxf5 13. Ng3 Nxg3 14. fxg3 Bd7 15. Rab1 b6 16. a3 a5 17. b4 f4 18. gxf4 exf4 19. Bf2 cxb4 20. axb4 c5 21. bxc5 bxc5 22. d4 a4 23. c3 a3 24. Rfd1 Qd5 25. c4 Qxc4 26. Rdc1 a2 27. Ra1 Qd5 28. Rxc5 Qb3 29. Rc3 Qb1+ 30. Rc1 Rfb8 31. Kh2 Qb2 32. Be1 Qxd2 33. Bxd2 Rb2 34. Bc3 Rb3 35. Bd2 Be6 36. Bxf4 Bd5 37. Be5 Bf8 38. Rc2 Rb1 39. Rc1 Rxc1 0-1